00936nam a2200229 a 450000100100000000500170001000800410002702000150006804000250008308200150010810000500012324502020017326000470037530000280042249000140045070000400046470000430050483000200054704900090056795201130057699900170068900002462820200930023257.0110127s1998 cu a r 000 | spa d a9592190518 aDO-SdBNPbspacBNPHU axxxbM386s1 aMartínez de Osaba y Goenaga, Juan A.95050313aEl Señor Pelotero :b50 testimonios: narrativa /cJuan A. Martínez de Osaba y Goenaga; prólogo Héctor Rodríguez; colaboradores Ramón Manuel Leal Gómez, Carmen Julia González Ferrer. aPinar del Río :bHermanos Loynaz,c1998. a196 p. :bil. ;c21 cm. aEl Fausto1 aLeal Gómez, Ramón Manuel9505041 aGonzález Ferrer, Carmen Julia950505 3aEl Fausto99684 aBNGR 001050718MOaGRbGRcCTd2011-02-01iLF1l0oxxx M386sp24628-10r2020-06-25w2020-06-25y1ZNo se presta c24121d24121